000
00349nam a2200133Ia 4500
008
151001s9999||||xx |||||||||||||| ||und||
100
_a
दुर्गा - भागवत
245
_a
आस्वाद आणि आक्षेप
250
_a
2
260
_b
डिंपल
260
_c
1999
300
_a
193
365
_b
21
999
_c
976728
_d
976725